000 00935nam a2200277 a 4500
001 BRCA_7643
005 20190320205926.0
008 290512s1987----sp-a######---#000-0#spa-#
020 _a8471890682
020 _a8471891441
041 _aspa
044 _asp
050 4 _aPQ6323
_b.C47 1987
100 1 _aCervantes Saavedra, Miguel de
_d1547-1616
_9213
245 1 0 _aEl Ingenioso Hidalgo Don Quijote de la Mancha
_cMiguel de Cervantes ; edición, introducción y notas Emilio Pascual.
260 _aEspaña
_bAlfredo Ortells
_c1987
300 _a524 p.
_bil.
_c25 cm.
500 _aIncluye vocabulario
650 1 4 _aNovela española
_yÉpoca clásica, 1500-1700
_9215
650 1 4 _aLiteratura española
_yÉpoca clásica, 1500-1700
_9216
650 1 4 _aNovela española
_ySiglo XVII
_9217
650 1 4 _aDon Quijote (Personaje ficticio)
_vNovela
_911664
700 1 _aPascual, Emilio
_eed.
_918849
902 _aQAG
942 _2lcc
_cB
999 _c7317
_d7317